000 00604nam 22002053 4500
001 202859
010 _a972-9338-13-2
021 _aPT
_b96804/96
090 _a202859
100 _a20260703d u||y0pory50 ba
200 _aA solidão da verdade
_fCunha de Leiradella
210 _aLisboa
_cTrinova
_dD.L.1996
215 _a322 p.
_cbrochado
_d21 cm
300 _aContém dedicatória na folha de rosto
606 _96
_aLiteratura Portuguesa
675 _a821.134.3-3"19"
_vPT
_zpor
700 _917704
_aLeiradella
_bCunha de
_f1934-
801 _aPT
_bBMMN
_gRPC
830 _cAna Falardo
_fAna Falardo
990 _cLIVROS